000 00202 a2200097 4500
001 29815
100 _aBarron
245 _aComputer operating systems
260 _a
_bChapman
_c
090 _c19831
_d19831
942 _aNUST-CAE
_cM
_c10926
999 _c264888
_d264888